000 00596 a2200205 4500
005 20260217111257.0
008 260217b |||||||| |||| 00| 0 eng d
020 _a9788119925063
_cRs. 1895.00
040 _aMAIN
082 _a330.0151
_bB469Q
100 _aBhinchar, Randheer Singh
245 _aQuantitative methods in economics
260 _bWisdom Press
_c2026
_aNew Delhi
300 _ax, 265
650 _aEconomics- Statistical Methods
650 _aEconomics- Mathematical Models
650 _aEconomic Forcasting- Statistical Methods
700 _aGirdhar, Neha
942 _cBK
999 _c395927
_d395927